[Event "Druzynowe Mistrzostwa Polski Ekstraliga"]
[Site "Gorzow Wlkp. - Wroclaw - Katowice"]
[Date "1899-12-30"]
[Round "3.22"]
[White "Paszewski, Mateusz"]
[Black "Stachowiak, Kamil"]
[Result "1/2-1/2"]
[WhiteTitle "FM"]
[BlackTitle "IM"]
[WhiteElo "2327"]
[BlackElo "2429"]

1. c4 c5 2. g3 Nc6 3. Bg2 g6 4. Nc3 Bg7 5. e3 e5 6. Nge2 Nge7 7. d3 d6 8. a3 O-O
9. Rb1 Be6 10. Nd5 Qd7 11. O-O Bh3 12. Nec3 Bxg2 13. Kxg2 Nxd5 14. Nxd5 f5 15.
f3 Ne7 16. Nxe7+ Qxe7 17. e4 Rf7 18. Bd2 h5 19. h3 Raf8 20. Qe2 Bf6 21. Bh6 Bg7
22. Bd2 Bf6 23. Bh6 Bg7 24. Bd2 Bf6 1/2-1/2

[Event "Druzynowe Mistrzostwa Polski Ekstraliga"]
[Site "Gorzow Wlkp. - Wroclaw - Katowice"]
[Date "1899-12-30"]
[Round "3.24"]
[White "Lach, Aleksandra"]
[Black "Zawadzka, Jolanta"]
[Result "0-1"]
[WhiteTitle "WIM"]
[BlackTitle "WGM"]
[WhiteElo "2224"]
[BlackElo "2419"]

1. c4 e6 2. Nf3 d5 3. e3 Nf6 4. b3 c6 5. Bb2 Bd6 6. Nc3 O-O 7. Be2 e5 8. cxd5 cxd5
9. Nb5 e4 10. Nfd4 Be5 11. g4 Re8 12. Rc1 a6 13. Na3 Nfd7 14. Rc2 Nc6 15. Qa1
Qe7 16. Rxc6 bxc6 17. Nxc6 Qd6 18. Nxe5 Nxe5 19. h3 Bd7 20. Nc2 Bb5 21. Bxe5 Rxe5
22. Nd4 Bd7 23. f4 exf3 24. Nxf3 Ree8 25. Kf2 Rac8 26. Bd3 Bb5 27. Bf5 Rc7 28.
Qd4 g6 29. Bb1 Rec8 30. Qb2 a5 31. a4 Bd7 32. Nd4 Qb4 33. Rg1 Rb8 34. h4 Qe7 35.
g5 Qe5 36. Rg3 Rb4 37. h5 Bxa4 38. Qa2 Rc1 39. Nf3 Rf1+ 40. Kg2 Rxf3 41. Kxf3
Bxb3 42. Qxa5 Qb8 43. Bd3 gxh5 44. Qa1 d4 45. e4 Be6 46. Qa5 Rb3 47. Ke2 Bg4+
48. Rxg4 hxg4 49. e5 Rb6 50. Bc4 Qb7 51. Kd3 g3 52. e6 fxe6 53. Qe5 Qe7 54. Ke2
g2 55. Kf2 Qd6 56. Qe4 Rc6 57. Bd3 g1=Q+ 58. Kxg1 Qg3+ 59. Qg2 Rc1+ 60. Bf1 Qxg2+
61. Kxg2 Rc2 62. Kf3 Rxd2 63. Ke4 Kg7 0-1

[Event "Druzynowe Mistrzostwa Polski Ekstraliga"]
[Site "Gorzow Wlkp. - Wroclaw - Katowice"]
[Date "1899-12-30"]
[Round "3.25"]
[White "Krzyzanowski, Marcin"]
[Black "Tomczak, Jacek"]
[Result "1/2-1/2"]
[WhiteTitle "IM"]
[BlackTitle "GM"]
[WhiteElo "2457"]
[BlackElo "2615"]

1. e4 c6 2. d4 d5 3. exd5 cxd5 4. Bd3 Nc6 5. c3 Qc7 6. Ne2 Bg4 7. O-O e6 8. Qe1
Bxe2 9. Qxe2 h6 10. Nd2 Bd6 11. Nf3 Nf6 12. Re1 Nd7 13. h3 O-O 14. Bc2 Rfe8 15.
Bd2 Rab8 16. Qd3 Nf8 17. Rac1 a6 18. Bb1 Rbd8 19. Re2 b5 20. Rce1 Bf4 21. Bxf4
Qxf4 22. Ne5 Nxe5 23. Rxe5 Rb8 24. g3 Qf6 25. h4 Rec8 26. f4 b4 27. f5 exf5 28.
Rxf5 Qd6 29. Qf3 bxc3 30. bxc3 Qc7 31. Rxd5 Qxc3 32. Qxc3 Rxc3 33. Kg2 g6 34.
Rc5 Rb2+ 35. Kh3 Rf3 36. Rc2 Rb6 37. Rc8 Kg7 38. Be4 Rf2 39. Rc2 1/2-1/2

[Event "Druzynowe Mistrzostwa Polski Ekstraliga"]
[Site "Gorzow Wlkp. - Wroclaw - Katowice"]
[Date "1899-12-30"]
[Round "3.26"]
[White "Markowski, Tomasz"]
[Black "Polok, Kacper"]
[Result "1/2-1/2"]
[WhiteTitle "GM"]
[BlackTitle "FM"]
[WhiteElo "2556"]
[BlackElo "2280"]

1. d4 Nf6 2. Nf3 g6 3. e3 Bg7 4. Be2 O-O 5. O-O d6 6. b3 b6 7. Bb2 Bb7 8. c4 c5
9. d5 e6 10. dxe6 fxe6 11. Nc3 Qe7 12. Qc2 Nc6 13. Rad1 Rad8 14. a3 Kh8 15. Na2
d5 16. b4 a6 17. bxc5 bxc5 18. Ne5 Nxe5 19. Bxe5 Nd7 20. Bxg7+ Qxg7 21. Rb1 Rb8
22. cxd5 exd5 23. Rfd1 Qf6 24. Bf1 Ne5 25. f4 Ng4 26. Qxc5 Qh4 27. Qd4+ Kg8 28.
h3 Qf2+ 29. Kh1 Nxe3 30. Rd2 Rxf4 31. Rxf2 Rxd4 32. Bxa6 Rd1+ 33. Rxd1 Nxd1 34.
Rd2 1/2-1/2

[Event "Druzynowe Mistrzostwa Polski Ekstraliga"]
[Site "Gorzow Wlkp. - Wroclaw - Katowice"]
[Date "1899-12-30"]
[Round "4.1"]
[White "Mista, Aleksander"]
[Black "Tomczak, Jacek"]
[Result "1/2-1/2"]
[WhiteTitle "GM"]
[BlackTitle "GM"]
[WhiteElo "2606"]
[BlackElo "2615"]

1. e4 c6 2. d4 d5 3. Nc3 dxe4 4. Nxe4 Bf5 5. Ng3 Bg6 6. h4 h6 7. Nf3 Nd7 8. h5
Bh7 9. Bd3 Bxd3 10. Qxd3 e6 11. Bd2 Ngf6 12. O-O-O Be7 13. Ne4 Nxe4 14. Qxe4 Nf6
15. Qe2 Qd5 16. c4 Qe4 17. Qxe4 Nxe4 18. Be3 f5 19. Kc2 Rd8 20. Nd2 Nf6 21. Nf3
Ne4 22. Nd2 Nf6 23. Nf3 Ne4 1/2-1/2

[Event "Druzynowe Mistrzostwa Polski Ekstraliga"]
[Site "Gorzow Wlkp. - Wroclaw - Katowice"]
[Date "1899-12-30"]
[Round "4.2"]
[White "Czarnota, Pawel"]
[Black "Kempinski, Robert"]
[Result "1/2-1/2"]
[WhiteTitle "GM"]
[BlackTitle "GM"]
[WhiteElo "2561"]
[BlackElo "2586"]

1. e4 c5 2. Nf3 d6 3. d4 cxd4 4. Nxd4 Nf6 5. Nc3 a6 6. Be3 e5 7. Nf3 Be7 8. Bc4
O-O 9. O-O Be6 10. Bb3 Nc6 11. Qe2 Na5 12. Rfd1 Nxb3 13. axb3 Qc7 14. Bg5 Nh5
15. Nxe5 Bxg5 16. Qxh5 Bf6 17. Nf3 Bxc3 18. bxc3 Qxc3 19. Nd4 Rfe8 20. Qa5 Rac8
21. Qb6 d5 22. e5 Bg4 23. f3 Qe3+ 24. Kh1 Bf5 25. Re1 Qc3 26. Nxf5 Rxe5 27. Rec1
Rxf5 28. Qxb7 Rxf3 29. gxf3 Qxf3+ 30. Kg1 Qg4+ 31. Kh1 Qf3+ 1/2-1/2

[Event "Druzynowe Mistrzostwa Polski Ekstraliga"]
[Site "Gorzow Wlkp. - Wroclaw - Katowice"]
[Date "1899-12-30"]
[Round "4.3"]
[White "Simacek, Pavel"]
[Black "Olszewski, Michal"]
[Result "1-0"]
[WhiteTitle "IM"]
[BlackTitle "GM"]
[WhiteElo "2485"]
[BlackElo "2551"]

1. e4 c5 2. Nf3 d6 3. d4 cxd4 4. Qxd4 Bd7 5. c4 Nc6 6. Qe3 g6 7. Nc3 Bh6 8. Qd3
Bg7 9. Be2 Nf6 10. h3 O-O 11. O-O a6 12. Be3 Qa5 13. Rfd1 Rfc8 14. a3 Be6 15.
Nd5 Bxd5 16. exd5 Nb8 17. b4 Qd8 18. Rac1 a5 19. c5 axb4 20. axb4 Na6 21. Qb3
Nb8 22. Bb5 Ne8 23. c6 Qc7 24. Bc4 bxc6 25. dxc6 e6 26. Bxe6 fxe6 27. Qxe6+ Kf8
28. b5 Nxc6 29. Rxc6 Qe7 30. Qc4 Rxc6 31. Qxc6 Rb8 32. Bf4 Qf6 33. Ng5 Qf5 34.
Bxd6+ 1-0

[Event "Druzynowe Mistrzostwa Polski Ekstraliga"]
[Site "Gorzow Wlkp. - Wroclaw - Katowice"]
[Date "1899-12-30"]
[Round "4.4"]
[White "Warakomski, Tomasz"]
[Black "Sieciechowicz, Marcin"]
[Result "1/2-1/2"]
[WhiteTitle "GM"]
[BlackTitle "IM"]
[WhiteElo "2511"]
[BlackElo "2409"]

1. e4 e6 2. d4 d5 3. Nc3 Nf6 4. Bg5 Bb4 5. e5 h6 6. Bd2 Bxc3 7. bxc3 Ne4 8. Bc1
c5 9. Ne2 Nc6 10. f3 Ng5 11. Be3 c4 12. h4 Nh7 13. h5 Qa5 14. f4 Bd7 15. g4 O-O-O
16. Qc1 f6 17. Qb2 Be8 18. Bg2 Nf8 19. O-O-O Nd7 20. f5 fxe5 21. fxe6 Nf8 22.
dxe5 Nxe6 23. Rhf1 Kb8 24. Nf4 Nxf4 25. Bxf4 Ka8 26. e6 Qc5 27. Kb1 Rf8 28. Rde1
Rf6 29. Bg3 Rxf1 30. Bxf1 d4 31. Bf2 Qa5 32. Bxc4 dxc3 33. Qb5 Qc7 34. Qc5 b6
35. Qe3 Na5 36. e7 Rd2 37. Bb3 Nxb3 38. axb3 Kb7 39. Bg3 Qd7 40. Qf3+ Ka6 41.
Bf4 Rd4 42. Qe2+ Qb5 43. Qe3 Qd7 44. Qf3 Rb4 45. Re5 Qd4 46. Rf5 Qg1+ 47. Ka2
Qd4 48. Qa8 Qd7 49. Rd5 Qc6 50. Qxc6 Bxc6 51. Rd6 Be8 52. Be5 Rxg4 53. Bxc3 Re4
1/2-1/2

[Event "Druzynowe Mistrzostwa Polski Ekstraliga"]
[Site "Gorzow Wlkp. - Wroclaw - Katowice"]
[Date "1899-12-30"]
[Round "4.5"]
[White "Grela, Kacper"]
[Black "Szelag, Marcin"]
[Result "1-0"]
[WhiteTitle "FM"]
[BlackTitle "IM"]
[WhiteElo "2312"]
[BlackElo "2466"]

1. d4 Nf6 2. c4 g6 3. Nc3 Bg7 4. e4 d6 5. Nf3 O-O 6. Be2 e5 7. O-O Nc6 8. d5 Ne7
9. a4 Nh5 10. a5 h6 11. a6 b6 12. Ne1 Nf4 13. Bxf4 exf4 14. Nd3 g5 15. Nb5 Re8
16. Bg4 c6 17. dxc6 Nxc6 18. Re1 Be6 19. Rc1 Qd7 20. h3 Rad8 21. b3 Qc8 22. Rc2
Re7 23. Ra2 Qd7 24. Qf3 Qe8 25. Rae2 Bd4 26. Rd1 Bg7 27. Rde1 Bd4 28. Kh1 Bg7
29. Rd1 Rdd7 30. Rde1 Qc8 31. Ra2 Na5 32. Nb4 Nxc4 33. Bxe6 Rxe6 34. Rc2 Qc5 35.
Rxc4 Qxb5 36. Rd1 Rd8 37. Rd5 Qe8 38. Nc6 Rd7 39. b4 Bf8 40. b5 Bg7 41. Qd3 Bf6
42. f3 Kg7 43. Qd1 Be5 44. Qc2 f6 45. Nb4 h5 46. Rc8 Qf7 47. Nc6 Re8 48. Rxe8
Qxe8 49. Rd1 Qf7 50. Qd3 Qe6 51. Nb4 Rc7 52. Nc6 g4 53. Qd5 Qxd5 54. Rxd5 gxf3
55. gxf3 Kf7 56. Rd2 Ke6 57. Rc2 Rg7 58. Rg2 Rd7 59. Rg8 d5 60. Rd8 dxe4 61. Rxd7
Kxd7 62. fxe4 f3 63. Nxa7 Bg3 64. Nc6 Kc7 65. Nd4 f2 66. Kg2 h4 67. Nf5 Kc8 68.
Nxg3 hxg3 69. h4 1-0

[Event "Druzynowe Mistrzostwa Polski Ekstraliga"]
[Site "Gorzow Wlkp. - Wroclaw - Katowice"]
[Date "1899-12-30"]
[Round "4.6"]
[White "Warakomska, Anna"]
[Black "Sliwicka, Alicja"]
[Result "0-1"]
[WhiteTitle "WIM"]
[BlackTitle "WFM"]
[WhiteElo "2273"]
[BlackElo "2178"]

1. e4 e5 2. Nf3 Nc6 3. Bc4 Nf6 4. d3 Be7 5. O-O O-O 6. Re1 d6 7. a4 Kh8 8. h3 Ng8
9. d4 f5 10. dxe5 fxe4 11. exd6 exf3 12. dxe7 Qxd1 13. Rxd1 Ngxe7 14. Nc3 fxg2
15. Kxg2 Ne5 16. Bg5 N7g6 17. Bd5 h6 18. Be3 Bf5 19. f4 Nf7 20. Kg3 Nd6 21. Bc5
h5 22. Nb5 h4+ 23. Kh2 Rae8 24. Re1 Nxf4 25. Nxc7 Rd8 26. Ne6 Nxe6 27. Bxe6 Rf6
28. Bd5 Rc8 29. Bd4 Rxc2+ 30. Kh1 Rg6 31. Bb3 Rd2 32. Bc3 Rd3 0-1

[Event "Druzynowe Mistrzostwa Polski Ekstraliga"]
[Site "Gorzow Wlkp. - Wroclaw - Katowice"]
[Date "1899-12-30"]
[Round "4.7"]
[White "Nasuta, Grzegorz"]
[Black "Jakubowski, Krzysztof"]
[Result "1-0"]
[WhiteTitle "IM"]
[BlackTitle "GM"]
[WhiteElo "2454"]
[BlackElo "2530"]

1. e4 c5 2. Nf3 e6 3. d4 cxd4 4. Nxd4 Nc6 5. Nc3 Qc7 6. f4 a6 7. Nxc6 Qxc6 8. Bd3
b5 9. Qe2 Bb7 10. Bd2 Rc8 11. a3 Qb6 12. e5 Nh6 13. Be3 Bc5 14. Bxc5 Qxc5 15.
Be4 Bxe4 16. Nxe4 Qxc2 17. Nd6+ Ke7 18. Nxc8+ Rxc8 19. Qxc2 Rxc2 20. O-O Rxb2
21. Rf2 Rb3 22. Rd2 g6 23. Rad1 Rxa3 24. Rxd7+ Kf8 25. h3 b4 26. Rb7 a5 27. g4
Rf3 28. g5 Ng8 29. Rd8+ Kg7 30. Rbb8 Nh6 31. gxh6+ Kxh6 32. Rd7 Rxf4 33. Ra7 Rf3
34. Kg2 Ra3 35. Rb5 Ra2+ 36. Kg1 Ra1+ 37. Kh2 Ra2+ 38. Kh1 Ra1+ 39. Kg2 Ra2+ 40.
Kg3 Ra3+ 41. Kg4 Ra1 42. Raxa5 Rg1+ 43. Kf3 Rf1+ 44. Kg2 Rf5 45. Rxb4 Kh5 46.
Rb3 f6 47. Rf3 Rg5+ 48. Kh2 1-0

[Event "Druzynowe Mistrzostwa Polski Ekstraliga"]
[Site "Gorzow Wlkp. - Wroclaw - Katowice"]
[Date "1899-12-30"]
[Round "4.8"]
[White "Krzyzanowski, Marcin"]
[Black "Ponizil, Cyril"]
[Result "1/2-1/2"]
[WhiteTitle "IM"]
[BlackTitle "IM"]
[WhiteElo "2457"]
[BlackElo "2478"]

1. d4 Nf6 2. c4 e6 3. Nf3 b6 4. g3 Ba6 5. Qc2 Bb7 6. Bg2 c5 7. dxc5 Bxc5 8. O-O
Be4 9. Qd1 Bb7 10. Nc3 Ne4 11. Nxe4 Bxe4 12. b4 Bf8 13. Bb2 Nc6 14. a3 f6 15.
e3 Qc7 16. Nh4 Bxg2 17. Kxg2 Nd8 18. Rc1 Be7 19. f4 a5 20. b5 Qb7+ 21. Kf2 Nf7
22. Qh5 Rc8 23. Rfd1 Rc7 24. Rd3 O-O 25. Qd1 Ng5 26. Nf3 Ne4+ 27. Kg1 Rd8 28.
g4 Nc5 29. Rd2 Ne4 30. Rd3 Qc8 31. Rd4 Qb7 32. Rd3 1/2-1/2

[Event "Druzynowe Mistrzostwa Polski Ekstraliga"]
[Site "Gorzow Wlkp. - Wroclaw - Katowice"]
[Date "1899-12-30"]
[Round "4.9"]
[White "Piesik, Piotr"]
[Black "Stryjecki, Marek"]
[Result "1/2-1/2"]
[WhiteTitle "FM"]
[BlackTitle "IM"]
[WhiteElo "2337"]
[BlackElo "2421"]

1. e4 g6 2. d4 Bg7 3. Nc3 c6 4. Bc4 Nf6 5. e5 Nd5 6. Bxd5 cxd5 7. Nxd5 Nc6 8. c3
d6 9. exd6 Qxd6 10. Ne3 e5 11. dxe5 Qxd1+ 12. Nxd1 Nxe5 13. Be3 O-O 14. Ne2 b5
15. Bd4 Re8 16. Bxe5 Bxe5 17. Ne3 Bb7 18. O-O f5 19. Rfe1 Rad8 20. Rad1 Kf7 21.
Rxd8 Rxd8 22. Rd1 Rxd1+ 23. Nxd1 Bd5 24. a3 f4 25. f3 Bc4 26. Kf1 Ke6 27. Nf2
Kd5 28. Ke1 g5 29. Kd2 a5 30. Nd3 Bc7 31. Nd4 Bb6 32. Ne2 Be3+ 33. Kc2 a4 34.
Nb4+ Kd6 35. Kd1 Kc5 36. Na6+ Kd5 37. Nb4+ Kd6 38. Ke1 h5 39. Nc2 Bb6 40. h4 gxh4
41. Nxf4 Ke5 42. Ne2 Kf5 43. Ncd4+ Kg5 44. Ng1 Kf4 45. Kf2 Ke5 46. Ke3 Bf1 47.
Kf2 Bc4 48. Ke3 Bf1 49. f4+ Kd5 50. Kf2 Bc4 51. Ngf3 Ke4 52. f5 Bd8 53. Nd2+ Kd3
54. Nxc4 bxc4 55. Nc6 Bb6+ 56. Kf3 Kc2 57. Ne5 Kb3 58. f6 Bc5 59. Ke4 Kxb2 60.
Kd5 Bf8 61. Nxc4+ Kb3 62. Nb6 Bxa3 63. c4 Bf8 64. c5 a3 65. c6 a2 66. c7 a1=Q
67. c8=Q Qxf6 68. Qc4+ Kb2 69. Qe2+ Kc1 70. Qe1+ Kc2 71. Qe2+ Kc1 72. Qe1+ Kc2
73. Qe2+ 1/2-1/2

[Event "Druzynowe Mistrzostwa Polski Ekstraliga"]
[Site "Gorzow Wlkp. - Wroclaw - Katowice"]
[Date "1899-12-30"]
[Round "4.10"]
[White "Polok, Kacper"]
[Black "Paszewski, Mateusz"]
[Result "1-0"]
[WhiteTitle "FM"]
[BlackTitle "FM"]
[WhiteElo "2280"]
[BlackElo "2327"]

1. e4 c5 2. Nc3 Nc6 3. Bb5 Nd4 4. Bc4 a6 5. Nf3 e6 6. Nxd4 cxd4 7. Ne2 b5 8. Bb3
Bb7 9. d3 Qb6 10. O-O Nf6 11. Bf4 d6 12. a4 Be7 13. axb5 axb5 14. Qd2 Rxa1 15.
Rxa1 Qc5 16. c3 dxc3 17. Qxc3 Kd7 18. Qd2 Ng4 19. d4 Qb6 20. Ng3 Ra8 21. Rd1 Nf6
22. d5 e5 23. Be3 Qa5 24. Qd3 Rc8 25. Bd2 Qb6 26. Nf5 Bf8 27. Bg5 Ne8 28. Qh3
Kc7 29. Ra1 Ra8 30. Rc1+ Kb8 31. Qxh7 f6 32. Be3 Qd8 33. Qg8 Be7 34. Qf7 1-0

[Event "Druzynowe Mistrzostwa Polski Ekstraliga"]
[Site "Gorzow Wlkp. - Wroclaw - Katowice"]
[Date "1899-12-30"]
[Round "4.11"]
[White "Tomaszewski, Roman"]
[Black "Orzechowski, Jacek"]
[Result "0-1"]
[WhiteTitle "IM"]
[BlackTitle "m"]
[WhiteElo "2297"]
[BlackElo "2087"]

1. d4 Nf6 2. c4 g6 3. Nc3 Bg7 4. e4 d6 5. f4 O-O 6. Nf3 Na6 7. Be2 e5 8. dxe5 dxe5
9. Qxd8 Rxd8 10. Nxe5 Nc5 11. Nd5 Nxd5 12. exd5 Re8 13. Kf1 Bxe5 14. fxe5 Rxe5
15. b4 Ne4 16. Bb2 Re7 17. Rd1 h5 18. Bf3 Bg4 19. Bxg4 hxg4 20. Bd4 Rae8 21. Rg1
Nd6 22. c5 Nf5 23. d6 cxd6 24. cxd6 Rd7 25. Kf2 Rxd6 26. Bb2 Rde6 27. Rd2 Re4
28. a3 0-1

[Event "Druzynowe Mistrzostwa Polski Ekstraliga"]
[Site "Gorzow Wlkp. - Wroclaw - Katowice"]
[Date "1899-12-30"]
[Round "4.12"]
[White "Zemlickova, Olena"]
[Black "Lach, Aleksandra"]
[Result "1-0"]
[WhiteTitle "WIM"]
[BlackTitle "WIM"]
[WhiteElo "2066"]
[BlackElo "2224"]

1. d4 Nf6 2. g3 d5 3. c4 dxc4 4. Bg2 c6 5. Na3 e5 6. Nf3 Bb4+ 7. Kf1 Bxa3 8. bxa3
exd4 9. Qxd4 Qxd4 10. Nxd4 O-O 11. Bb2 Nd5 12. Rc1 Nb6 13. Ke1 Bd7 14. Ba1 Na6
15. h4 Nc5 16. h5 h6 17. Rh4 f6 18. Bh1 Rf7 19. Kf1 Re8 20. Bf3 f5 21. Bg2 Ne4
22. e3 Nc5 23. Bf3 Nd3 24. Rb1 Ne5 25. Be2 Nd5 26. Rxb7 f4 27. Rxd7 Nxd7 28. gxf4
c3 29. Bc4 N7b6 30. Bb3 c5 31. Nb5 c4 32. Bc2 Rxe3 33. fxe3 Nxe3+ 34. Kf2 Nxc2
35. Bxc3 Rd7 36. f5 Rd5 37. Nd4 Nxd4 38. Bxd4 Rxf5+ 39. Ke3 Nd5+ 40. Ke4 Rg5 41.
Bxa7 Nc3+ 42. Kf3 Nb5 43. Be3 Rf5+ 44. Ke4 Nd6+ 45. Kd4 Ra5 46. Rh2 Rxa3 47. Bf4
Rd3+ 48. Kc5 Nf5 49. a4 c3 50. a5 Rd4 51. Bc1 Ra4 52. Kb6 Rb4+ 53. Kc5 Ra4 54.
Kb6 Nd4 55. a6 Rb4+ 56. Kc5 Ra4 57. Kb6 Rb4+ 58. Kc5 Ra4 59. Kb6 Ra1 60. a7 Rb1+
61. Bb2 1-0

[Event "Druzynowe Mistrzostwa Polski Ekstraliga"]
[Site "Gorzow Wlkp. - Wroclaw - Katowice"]
[Date "1899-12-30"]
[Round "4.13"]
[White "Wojtaszek, Radoslaw"]
[Black "Bartel, Mateusz"]
[Result "1/2-1/2"]
[WhiteTitle "GM"]
[BlackTitle "GM"]
[WhiteElo "2734"]
[BlackElo "2637"]

1. d4 d5 2. c4 e6 3. Nf3 a6 4. Bg5 Be7 5. Bxe7 Qxe7 6. e3 Nf6 7. Nbd2 Nbd7 8. Rc1
c6 9. Bd3 O-O 10. Qc2 e5 11. cxd5 cxd5 12. dxe5 Nxe5 13. Nxe5 Qxe5 14. Nf3 Qh5
15. O-O Bh3 16. Qc7 Rac8 17. Qf4 Qg4 18. Qxg4 Bxg4 19. Nd4 Rxc1 20. Rxc1 Rc8 21.
Re1 Kf8 22. f3 Bd7 23. g4 h6 24. Kf2 Ne8 25. Rd1 Nd6 26. Ne2 Be6 27. Nc3 Ke7 28.
Be2 Rc5 29. Rd4 f5 30. h3 Kf6 31. Bd3 g5 32. a4 a5 33. Bb1 Ke5 34. Ne2 b5 35.
b3 Bd7 36. axb5 Nxb5 37. Rd1 Kf6 38. Bd3 Nd6 39. Ra1 Ke5 40. Ke1 Ne8 41. Kd2 Ng7
42. b4 axb4 43. Ra7 Kd6 44. Nd4 fxg4 45. hxg4 h5 46. Ra6+ Ke7 47. Rg6 Kf7 48.
gxh5 Nxh5 49. Rxg5 Nf6 50. e4 Nh7 51. Re5 Nf6 52. Rg5 Nh7 53. Rxd5 Rxd5 54. Bc4
Nf6 55. exd5 Ba4 56. Ne6 Nd7 57. Ng5+ Ke7 58. Ne4 Nb6 59. Kd3 b3 60. d6+ Kd7 61.
Bxb3 Bxb3 62. Nc5+ Kxd6 63. Nxb3 1/2-1/2

[Event "Druzynowe Mistrzostwa Polski Ekstraliga"]
[Site "Gorzow Wlkp. - Wroclaw - Katowice"]
[Date "1899-12-30"]
[Round "4.14"]
[White "Mastrovasilis, Dimitrios"]
[Black "Navara, David"]
[Result "1/2-1/2"]
[WhiteTitle "GM"]
[BlackTitle "GM"]
[WhiteElo "2580"]
[BlackElo "2739"]

1. e4 c5 2. Nf3 d6 3. d4 cxd4 4. Nxd4 Nf6 5. f3 e5 6. Nb3 d5 7. Bg5 d4 8. c3 Nc6
9. cxd4 Bb4+ 10. Bd2 Nxe4 11. Bxb4 Qh4+ 12. g3 Nxg3 13. hxg3 Qxg3+ 14. Kd2 Nxb4
15. Bb5+ Ke7 16. Qc1 Qg2+ 17. Be2 Qg5+ 18. Kd1 Qxc1+ 19. Kxc1 Bf5 20. Na3 Rhd8
21. Kd2 exd4 22. Rac1 d3 23. Rc7+ Kf6 24. Bd1 Nxa2 25. Na5 Rac8 26. Rxc8 Rxc8
27. Bb3 Nb4 28. Nxb7 Nc6 29. Nd6 Rb8 30. Bd5 Ne7 31. Nxf5 Nxd5 32. Nd4 Rxb2+ 33.
Kxd3 h5 34. Ke4 Nc3+ 35. Kd3 Nd5 36. Ke4 Nc3+ 37. Kd3 Ke5 38. Ke4+ 1/2-1/2

[Event "Druzynowe Mistrzostwa Polski Ekstraliga"]
[Site "Gorzow Wlkp. - Wroclaw - Katowice"]
[Date "1899-12-30"]
[Round "4.15"]
[White "Areshchenko, Alexander"]
[Black "Sadzikowski, Daniel"]
[Result "1/2-1/2"]
[WhiteTitle "GM"]
[BlackTitle "IM"]
[WhiteElo "2677"]
[BlackElo "2548"]

1. e4 e5 2. Nf3 Nc6 3. Bb5 a6 4. Ba4 Nf6 5. O-O Be7 6. Re1 b5 7. Bb3 d6 8. c3 O-O
9. h3 Re8 10. d4 Bb7 11. Nbd2 Bf8 12. a3 h6 13. Bc2 Nb8 14. b3 Nbd7 15. Bb2 g6
16. Bd3 c6 17. Bf1 Qc7 18. Qc2 Rac8 19. a4 Nh5 20. axb5 axb5 21. b4 Nf4 22. Nb3
Ne6 23. Rad1 Red8 24. Bc1 Qb8 25. Be3 Ba8 26. Qd2 Kh7 27. Qa2 Nb6 28. dxe5 Na4
29. Bd2 dxe5 30. c4 Rd7 31. c5 Rcd8 32. Qc2 Qc7 33. h4 Bb7 34. Be3 Rxd1 35. Rxd1
Rxd1 36. Qxd1 Bc8 37. g3 Bg7 38. Qc2 Bf8 39. Qd2 h5 40. Na5 f6 41. Kh2 Be7 42.
Bh3 Nd8 43. Bg2 1/2-1/2

[Event "Druzynowe Mistrzostwa Polski Ekstraliga"]
[Site "Gorzow Wlkp. - Wroclaw - Katowice"]
[Date "1899-12-30"]
[Round "4.16"]
[White "Moranda, Wojciech"]
[Black "Miton, Kamil"]
[Result "1/2-1/2"]
[WhiteTitle "GM"]
[BlackTitle "GM"]
[WhiteElo "2595"]
[BlackElo "2618"]

1. d4 d5 2. c4 c6 3. Nf3 Nf6 4. Nc3 e6 5. e3 Nbd7 6. Bd3 Bd6 7. e4 dxe4 8. Nxe4
Nxe4 9. Bxe4 e5 10. O-O exd4 11. Qxd4 Qf6 12. Be3 Qxd4 13. Bxd4 Nf6 14. Bc2 O-O
15. Rad1 Rd8 16. h3 Be6 17. b3 h6 18. Bc3 Ne8 19. Nd4 Bd7 20. Rd2 Bf4 21. Re2
Bg5 22. Nf3 Bf6 23. Ne5 Nc7 24. Ba5 b6 25. Nxd7 Rxd7 26. Bf5 Re7 27. Rxe7 Bxe7
28. Bc3 Rd8 29. Re1 Bd6 30. Kf1 Kf8 31. Rd1 Ne6 32. Bxe6 fxe6 33. Rd3 Bc7 34.
Rf3+ Kg8 35. Ke2 Rf8 36. Rxf8+ Kxf8 37. Kf3 g6 38. Ke4 Bd6 39. Be5 Bc5 40. Bd4
Bd6 41. Be3 h5 42. a4 Bb4 43. f3 Ke7 44. Kf4 Kf6 45. Bd4+ Kf7 46. g4 Bd6+ 47.
Be5 Be7 48. Bc7 Ke8 49. a5 bxa5 50. Bxa5 Bf6 51. Bb4 a6 52. Bd6 Kf7 53. Ke4 Bb2
54. Bg3 Bc3 55. Bh4 Bb2 56. Be1 Bf6 57. Kf4 Ke7 58. Bb4+ Kf7 59. Bd6 Bd8 60. Be5
Be7 61. Ke4 Bd8 62. Kd4 Bb6+ 63. Ke4 Bd8 64. Bd4 Bc7 65. Ba7 Bd6 66. Bb6 Bb8 67.
Bd8 Bd6 68. Kd4 Ke8 69. Bf6 Ba3 70. Ke5 Kf7 71. Bh4 Bb4 72. gxh5 gxh5 73. f4 Ba3
74. Bg5 Bf8 75. f5 exf5 76. Kxf5 Bg7 77. Bh4 Bh6 78. Ke5 Bf8 79. Bd8 Bb4 80. Bb6
Bf8 81. Be3 Be7 82. Kf5 Bf6 83. Bg5 Bg7 84. Bf4 1/2-1/2

[Event "Druzynowe Mistrzostwa Polski Ekstraliga"]
[Site "Gorzow Wlkp. - Wroclaw - Katowice"]
[Date "1899-12-30"]
[Round "4.17"]
[White "Socko, Bartosz"]
[Black "Wieczorek, Oskar"]
[Result "1-0"]
[WhiteTitle "GM"]
[BlackTitle "IM"]
[WhiteElo "2583"]
[BlackElo "2458"]

1. d4 Nf6 2. c4 g6 3. Nc3 d5 4. cxd5 Nxd5 5. e4 Nxc3 6. bxc3 Bg7 7. Be3 c5 8. Nf3
Qa5 9. Nd2 cxd4 10. Nc4 Qd8 11. cxd4 O-O 12. Rb1 Nc6 13. d5 Ne5 14. Be2 f5 15.
O-O fxe4 16. Qa4 Nxc4 17. Qxc4 Kh8 18. Rfd1 Be5 19. Qxe4 Qd6 20. Qxe5+ Qxe5 21.
Bd4 Qg7 22. Bxg7+ Kxg7 23. Bf3 Rb8 24. Rbc1 Rd8 25. Re1 Kf6 26. h4 h6 27. Rc4
g5 28. Rce4 Bf5 29. Rxe7 g4 30. Bd1 Rxd5 31. Bb3 Rd7 32. R7e5 Rd6 33. Kh2 b5 34.
Rc5 Bd7 35. Re4 a5 36. Rf4+ Ke7 37. Rf7+ Ke8 38. Rh7 Rbb6 39. Rc7 a4 40. Be6 Rxe6
41. Rcxd7 Rf6 42. Ra7 Rb8 43. Kg3 Rd8 44. Rab7 a3 45. Rxb5 Rf7 46. Re5+ 1-0

[Event "Druzynowe Mistrzostwa Polski Ekstraliga"]
[Site "Gorzow Wlkp. - Wroclaw - Katowice"]
[Date "1899-12-30"]
[Round "4.18"]
[White "Zawadzka, Jolanta"]
[Black "Socko, Monika"]
[Result "1/2-1/2"]
[WhiteTitle "WGM"]
[BlackTitle "GM"]
[WhiteElo "2419"]
[BlackElo "2481"]

1. e4 c6 2. d4 d5 3. Nd2 dxe4 4. Nxe4 Bf5 5. Ng3 Bg6 6. h4 h6 7. Nf3 Nd7 8. h5
Bh7 9. Bd3 Bxd3 10. Qxd3 e6 11. Bd2 Ngf6 12. O-O-O Be7 13. Kb1 Qb6 14. Rhe1 c5
15. Bc1 Rd8 16. d5 Nxd5 17. Nf5 Nb4 18. Nxg7+ Kf8 19. Nxe6+ Qxe6 20. Rxe6 Nxd3
21. Rxh6 Rg8 22. Rxd3 Kg7 23. b3 Nb6 24. Ne5 Rxd3 25. cxd3 Nd5 26. g4 Re8 27.
Nf3 Bf8 28. Nh4 Kg8 29. Nf5 Re2 30. Bb2 Bxh6 31. Nxh6+ Kf8 32. d4 Nb4 33. Ba3
Rxf2 34. dxc5 Nc2 35. Bc1 Nb4 36. Ba3 Nc2 37. Bc1 Nb4 1/2-1/2

[Event "Druzynowe Mistrzostwa Polski Ekstraliga"]
[Site "Gorzow Wlkp. - Wroclaw - Katowice"]
[Date "1899-12-30"]
[Round "4.19"]
[White "Lupulescu, Constantin"]
[Black "Klekowski, Maciej"]
[Result "1/2-1/2"]
[WhiteTitle "GM"]
[BlackTitle "IM"]
[WhiteElo "2631"]
[BlackElo "2473"]

1. d4 Nf6 2. c4 e6 3. Nc3 Bb4 4. e3 O-O 5. Bd3 d5 6. Nf3 b6 7. cxd5 exd5 8. O-O
Bb7 9. Bd2 Nbd7 10. Rc1 a6 11. Ne5 Bd6 12. f4 Ne4 13. Nxe4 dxe4 14. Bc4 b5 15.
Bb3 Nf6 16. Qc2 a5 17. Nc6 Bxc6 18. Qxc6 a4 19. Bd1 Qe8 20. b4 Qxc6 21. Rxc6 Nd5
22. a3 f5 23. Be2 Rab8 24. Rfc1 Ne7 25. R6c2 Kf7 26. g4 g6 27. gxf5 gxf5 28. Be1
Rg8+ 29. Bg3 Ke6 30. Kf2 h6 31. Rg1 Nd5 32. Rcc1 Be7 33. Rc6+ Bd6 34. Rgc1 Kd7
35. Bh4 Rg6 36. R6c2 Ke6 37. Rc6 Kd7 38. R6c2 Rg7 39. Bg3 Rg6 40. Bf1 Nf6 41.
Rc6 Rb7 42. Ke2 Nd5 43. Bh3 Rf6 44. R6c2 Rf7 45. Kd2 Nb6 46. Bf1 Nd5 47. Ke2 Be7
48. Rc6 Rb6 49. Rxb6 Nxb6 50. Kd2 c6 51. Be2 1/2-1/2

[Event "Druzynowe Mistrzostwa Polski Ekstraliga"]
[Site "Gorzow Wlkp. - Wroclaw - Katowice"]
[Date "1899-12-30"]
[Round "4.20"]
[White "Matuszewski, Michal"]
[Black "Vovk, Yuri"]
[Result "1-0"]
[WhiteTitle "IM"]
[BlackTitle "GM"]
[WhiteElo "2485"]
[BlackElo "2600"]

1. Nf3 d5 2. d4 Nf6 3. Bg5 Ne4 4. Bf4 c5 5. c3 cxd4 6. cxd4 Nc6 7. Nc3 e6 8. Rc1
Qa5 9. Bd2 Nxd2 10. Qxd2 Bd6 11. e3 Bd7 12. Bd3 O-O 13. O-O Rfc8 14. e4 dxe4 15.
Bxe4 Qh5 16. h3 Rd8 17. Rfd1 f5 18. Bc2 Ne7 19. Bb3 Ng6 20. Ne2 Nh4 21. Rc3 Bb4
22. Ne5 Bxc3 23. bxc3 Kh8 24. Nf4 Qe8 25. g3 g5 26. Nfd3 Ng6 27. Qxg5 Qf8 28.
Nxg6+ hxg6 29. Nf4 Qg7 30. Bxe6 Be8 31. Re1 Rd6 32. Bb3 Rd7 33. Ba4 Rdd8 34. Re7
Bf7 35. Rxf7 1-0